00323nam a22001097a 4500041000800000082001400008100001900022245009800041260005200139300000700191650001500198 aeng a264.6 PRA aBajri, Prakash aA Homiletic Analysis of A. B. Masilamani Preachings: With Special Reference to Ilklustrations aHyderabadbHenry Martyn Institute ( ARRC)c2022 a90 aHomiletics